000 00285nam a2200097Ia 4500
008 171211s9999 xx 000 0 und d
245 _aAcercamiento A Las Ciencias De La Autodefensa
260 _c2014
650 _xMartial Arts
856 _uhttp://down.ebook777.com/064/9788495353054.pdf
999 _c348178
_d348178